Sordito del mar.

Guardat en:
Dades bibliogràfiques
Autor principal: Cisternas, Cristóbal (autor)
Format: Llibre
Publicat: [Chile]: Línea Estratos, 2020.
Matèries:
Etiquetes: Afegir etiqueta
Sense etiquetes, Sigues el primer a etiquetar aquest registre!

MARC

LEADER 00000nam a22000007a 4500
003 CL-VaPUC
005 20250407202436.0
008 250304t2020 ||||| |||| 00| 0 eng d
999 |c 447098  |d 447096 
040 |c Pontificia Universidad Católica de Valparaíso 
082 7 |a 741.5 CIS 2020  |2 22 
100 |9 896296  |a Cisternas, Cristóbal  |e autor 
245 |a Sordito del mar. 
260 |a [Chile]:  |b Línea Estratos,  |c 2020. 
300 |a 360 páginas:  |b ilustraciones. 
500 |a c.1. Instituto Arcos.08-01-2025. 
583 |c 20250304  |k Gabriela Rodríguez Cuevas 
650 0 |9 369534  |a Cómics  |x Sordera infantil 
650 0 |9 895252  |a Novelas gráficas  |x Género fantástico   |z Chile 
650 0 |9 882681  |a Historietas chilenas  
942 |2 ddc  |c BK  |n 0 
952 |0 0  |1 0  |2 ddc  |4 0  |6 741_500000000000000_CIS_2020  |7 0  |8 A  |9 600557  |a BIBINC  |b BIBINC  |d 2025-03-04  |e Instituto Arcos  |i 5665402  |o 741.5 CIS 2020  |p 5665402  |r 2025-03-04  |t 1  |w 2025-03-04  |y BK  |k IFP